| 000 | 01179nam a22002657a 4500 | ||
|---|---|---|---|
| 999 |
_c18933 _d18933 |
||
| 003 | AR-CdUCM | ||
| 008 | 190515b ||||| |||| 00| 0 spa d | ||
| 040 |
_aMUNICIPALIDAD PROVINCIAL DEL CUSCO _cBIBLIOTECA MUNICIPAL DEL CUSCO |
||
| 041 | _hpor | ||
| 082 |
_26ed. _a372.11 / _bF51 |
||
| 100 |
_aFilho, Lourenço _939857 |
||
| 245 |
_aTest ABC : _bde verificación de la madurez necesaria para el aprendizaje de la lectura y escritura / |
||
| 260 |
_aBuenos Aires : _bKapelusz, _c1960. |
||
| 300 |
_aXVI, 239 páginas ; _bcuadros, _c21 cm. |
||
| 440 |
_aBiblioteca de Psicología Contemporánea. _935689 |
||
| 505 | _aContenido: Alfabeto y educación -- Localización del problema -- Cómo ha sido encarada la cuestión -- Nueva manera de proponer la cuestión -- El juzgamiento empírico de la edad escolar inicial -- Investigaciones relativas a la edad cronológica ... | ||
| 650 |
_aEducación _9460 |
||
| 650 |
_aPsicología _91538 |
||
| 650 |
_aPruebas psicológicas _97330 |
||
| 700 |
_aForgione, José D. _98942 |
||
| 700 |
_aMira, Montserrat (traductores) _939858 |
||
| 700 |
_aNelson, Ernesto (prólogo) _939859 |
||
| 942 |
_2ddc _cLIBROS |
||
| 945 |
_aachl _d2019-05-15 |
||